[Event "198th YMCA Spring A"]
[Site "Warsaw"]
[Date "2018.06.07"]
[Round "10"]
[White "Delega, Tomasz"]
[Black "Borowy, Cezary"]
[Result "1/2-1/2"]
[WhiteElo "1982"]
[BlackElo "2013"]
[PlyCount "100"]
[EventDate "2018.06.07"]
[EventType "tourn"]
[EventRounds "1"]
[EventCountry "POL"]
[SourceDate "2018.04.06"]

1. d4 e6 2. Nf3 d5 3. c4 c6 4. Nc3 dxc4 5. a4 Bb4 6. e3 b5 7. Bd2 Bxc3 8. Bxc3
Bb7 9. d5 Nf6 10. dxc6 Qxd1+ 11. Rxd1 Bxc6 12. axb5 Bxb5 13. b3 a5 14. bxc4 Bc6
15. Ne5 O-O 16. Nxc6 Nxc6 17. Be2 Ne4 18. Ba1 Rfd8 19. Rxd8+ Rxd8 20. Bf3 f5
21. O-O Nd2 22. Rc1 Nxf3+ 23. gxf3 a4 24. Bc3 a3 25. Ra1 Ra8 26. Kf1 Ra4 27.
Ke2 Rxc4 28. Rxa3 Kf7 29. Kd3 Rc5 30. f4 Rd5+ 31. Kc4 Rd7 32. Ra1 Ne7 33. Rg1
g6 34. Ra1 Nd5 35. Be5 Nf6 36. f3 Ke7 37. Ra8 Ne8 38. Kc5 Rd8 39. Ra7+ Rd7 40.
Ra2 Rd8 41. Ra7+ Rd7 42. Ra6 Rd8 43. Rc6 Rd2 44. Ra6 Rc2+ 45. Kb6 Rxh2 46. Ra7+
Kd8 47. Ra8+ Kd7 48. Ra7+ Kd8 49. Ra8+ Ke7 50. Ra7+ Kd8 1/2-1/2

[Event "198th YMCA Spring A"]
[Site "Warsaw"]
[Date "2018.06.08"]
[Round "10"]
[White "Liberadzki, Slawomir"]
[Black "Moskwinski, Marek"]
[Result "1/2-1/2"]
[WhiteElo "1991"]
[BlackElo "1855"]
[PlyCount "110"]
[EventDate "2018.06.07"]
[EventType "tourn"]
[EventRounds "1"]
[EventCountry "POL"]
[SourceDate "2018.04.06"]

1. c4 e5 2. Nc3 Nf6 3. g3 Nc6 4. Bg2 Bc5 5. Nf3 d6 6. O-O O-O 7. a3 a5 8. d3 h6
9. Rb1 Re8 10. Ne1 Bf5 11. Nc2 Qd7 12. b4 axb4 13. axb4 Ba7 14. b5 Nd8 15. Ra1
Qc8 16. Be3 Bxe3 17. Rxa8 Qxa8 18. Nxe3 Bd7 19. Qa1 Qb8 20. Qa3 Ne6 21. Ned5
Nxd5 22. Nxd5 c6 23. Nb6 Qc7 24. Nxd7 Qxd7 25. Rb1 Rc8 26. Qa7 Rc7 27. bxc6
bxc6 28. Rb8+ Kh7 29. Be4+ g6 30. Qa8 Kg7 31. Rh8 h5 32. h4 Kf6 33. Rb8 Nd4 34.
Qa2 Ra7 35. Qb2 Qg4 36. e3 Nf3+ 37. Bxf3 Qxf3 38. Qb1 Ra3 $11 39. Rb3 Rxb3 40.
Qxb3 Kg7 41. Qc3 c5 42. Qb3 Qf6 43. Qb6 Qe6 44. Kg2 e4 45. d4 cxd4 46. Qxd4+
Kg8 47. Kg1 Kh7 48. Kg2 Kg8 49. Kf1 Qh3+ 50. Ke2 Qg4+ 51. Ke1 Qe6 52. Kd2 Qf5
53. Ke1 Qe6 54. Kd2 Qf5 55. Ke1 Qe6 $11 1/2-1/2

[Event "198th YMCA Spring A"]
[Site "Warsaw"]
[Date "2018.06.14"]
[Round "11"]
[White "Kaczmarska, Joanna"]
[Black "Kaminski, Jan"]
[Result "1-0"]
[WhiteElo "1976"]
[BlackElo "1934"]
[PlyCount "181"]
[EventDate "2018.06.07"]
[EventType "tourn"]
[EventRounds "1"]
[EventCountry "POL"]
[SourceDate "2018.04.06"]

1. e4 c5 2. Nf3 g6 3. d4 cxd4 4. Nxd4 Nc6 5. c4 Bg7 6. Be3 Nf6 7. Nc3 Ng4 8.
Qxg4 Nxd4 9. Qd1 Ne6 10. Bd3 Bxc3+ 11. bxc3 Qc7 12. O-O Qe5 13. Qd2 g5 14. Rab1
b6 15. Rb5 Qg7 16. Bxg5 Rg8 17. f4 Nc5 18. g3 f6 19. Bh4 Qg4 20. Kf2 Bb7 21.
Qe3 Qh3 22. Rh1 d6 23. f5 Nxd3+ 24. Qxd3 Rg4 25. Rd5 Rxh4 26. gxh4 Qxh4+ 27.
Kf1 O-O-O 28. Rd4 Qf4+ 29. Ke2 Rg8 30. Qf3 Qh4 31. Ke3 Rg4 32. Rf1 Qg5+ 33. Kd3
Rg2 34. Rf2 Rg1 35. Qf4 Qh5 36. Kc2 Bc6 37. Kb2 Rg4 38. Qf3 Qg5 39. Qe2 h5 40.
c5 dxc5 41. Qa6+ Bb7 42. Qc4 Kc7 43. Rfd2 Bc6 44. Rd8 Rg2 45. Qd3 Rxd2+ 46.
Qxd2 Qh4 47. Rh8 Bd7 48. Qe2 Bc6 49. e5 fxe5 50. Qxe5+ Kb7 51. Qe2 Bd5 52. Rxh5
Qa4 53. Qxe7+ Ka6 54. Qe2+ Bc4 55. Qc2 Qxa2+ 56. Kc1 Qa1+ 57. Kd2 Ka5 58. Ke3
Qe1+ 59. Kf4 Qf1+ 60. Kg5 Qg1+ 61. Kf6 Qg8 62. Qd2 Qf7+ 63. Kg5 Qe7+ 64. Kf4
Qc7+ 65. Kf3 Qb7+ 66. Kf2 Qe4 67. Rg5 Qh4+ 68. Kg1 Qh3 69. Qe1 Qf3 70. Qa1+ Kb5
71. Qb1+ Ka6 72. Qe1 Bd3 73. h4 Qf4 74. Rg3 Qxf5 75. Rxd3 Qxd3 76. Qf1 c4 77.
Qxd3 cxd3 78. Kf2 Kb5 79. h5 Kc4 80. Ke1 Kxc3 81. Kd1 a5 82. h6 a4 83. h7 a3
84. h8=Q+ Kb3 85. Qa1 b5 86. Kd2 b4 87. Kxd3 a2 88. Kd2 Ka3 89. Kc2 b3+ 90. Kc3
Ka4 91. Qb2 1-0

[Event "198th YMCA Spring A"]
[Site "Warsaw"]
[Date "2018.06.20"]
[Round "11"]
[White "Choroszej, Aleksander"]
[Black "Majek, Kacper"]
[Result "1-0"]
[WhiteElo "1993"]
[BlackElo "1939"]
[PlyCount "81"]
[EventDate "2018.06.07"]
[EventType "tourn"]
[EventRounds "1"]
[EventCountry "POL"]
[SourceDate "2018.04.06"]

1. d4 Nf6 2. c4 e6 3. Nc3 Bb4 4. f3 d5 5. a3 Bxc3+ 6. bxc3 c5 7. cxd5 Nxd5 8.
dxc5 f5 9. Qc2 Qa5 10. e4 fxe4 11. fxe4 Qxc3+ 12. Qxc3 Nxc3 13. Bd3 Nd7 14. Be3
Nf6 15. Rc1 Na4 16. Bb5+ Bd7 17. c6 Bxc6 18. Rxc6 bxc6 19. Bxc6+ Kf7 20. Bxa4
Rhc8 21. Ne2 Rab8 22. O-O Rc4 23. Bd1 Rxe4 24. Bxa7 Rb2 25. Nf4 Rb1 26. Nd3 Ke7
27. Bc5+ Kd8 28. Bf3 Rxf1+ 29. Kxf1 Ra4 30. Bb4 Ra7 31. Nc5 e5 32. Ke2 g5 33.
Ne6+ Kd7 34. Nxg5 Rc7 35. Ne4 Nxe4 36. Bxe4 h5 37. Kd3 Rc1 38. a4 Ke6 39. a5
Rd1+ 40. Bd2 Kd6 41. Bf3 1-0

[Event "198th YMCA Spring A"]
[Site "Warsaw"]
[Date "2018.06.20"]
[Round "11"]
[White "Borowy, Cezary"]
[Black "Moskwinski, Marek"]
[Result "1/2-1/2"]
[WhiteElo "2013"]
[BlackElo "1855"]
[PlyCount "58"]
[EventDate "2018.06.07"]
[EventType "tourn"]
[EventRounds "1"]
[EventCountry "POL"]
[SourceDate "2018.04.06"]

1. c4 e5 2. Nc3 Nf6 3. Nf3 Nc6 4. e3 Bb4 5. Qc2 O-O 6. Nd5 Bc5 7. Ng5 g6 8.
Nxf6+ Qxf6 9. Ne4 Qe7 10. Be2 f5 11. Nxc5 Qxc5 12. a3 a5 13. Qc3 a4 14. O-O d6
15. Rd1 e4 16. d4 exd3 17. Bxd3 Ne5 18. Bd2 Be6 19. Rac1 Ra6 20. Qc2 Nxd3 21.
Qxd3 Rc6 22. Bb4 Bxc4 23. Qd2 Qb5 24. Bc3 Bb3 25. Qd4 Qe5 26. Qxe5 dxe5 27. Rd7
Re8 28. f4 exf4 29. exf4 Re2 $11 1/2-1/2

[Event "198th YMCA Spring A"]
[Site "Warsaw"]
[Date "2018.06.15"]
[Round "11"]
[White "Delega, Tomasz"]
[Black "Liberadzki, Slawomir"]
[Result "1-0"]
[WhiteElo "1982"]
[BlackElo "1991"]
[PlyCount "81"]
[EventDate "2018.06.07"]
[EventType "tourn"]
[EventRounds "1"]
[EventCountry "POL"]
[SourceDate "2018.04.06"]

1. Nf3 c5 2. c4 Nf6 3. Nc3 g6 4. e4 Nc6 5. d4 cxd4 6. Nxd4 d6 7. Be2 Bg7 8. Be3
O-O 9. O-O Qd7 10. f3 b6 11. Nxc6 Qxc6 12. Rc1 Ba6 13. b4 Bxc4 14. Nd5 Nxd5 15.
exd5 Bxe2 16. dxc6 Bxd1 17. Rfxd1 Rfc8 18. a4 Kf8 19. Rc2 Ke8 20. b5 Kd8 21.
Rd3 Kc7 22. a5 Rcb8 23. Ra3 d5 24. axb6+ axb6 25. Rca2 Rxa3 26. Rxa3 Kd6 27.
Ra7 d4 28. Bf4+ e5 29. Bc1 Kc5 30. Rxf7 Bh8 31. c7 Rc8 32. Rf8 Rxc7 33. Rxh8
Kxb5 34. Bg5 Kc4 35. Re8 b5 36. Rxe5 b4 37. Re1 Kd3 38. Rd1+ Ke2 39. Rd2+ Ke1
40. Rxd4 Rb7 41. Bd2+ 1-0

[Event "198th YMCA Spring A"]
[Site "Warsaw"]
[Date "2018.06.15"]
[Round "12"]
[White "Majek, Kacper"]
[Black "Kaczmarska, Joanna"]
[Result "0-1"]
[WhiteElo "1939"]
[BlackElo "1976"]
[PlyCount "74"]
[EventDate "2018.06.07"]
[EventType "tourn"]
[EventRounds "1"]
[EventCountry "POL"]
[SourceDate "2018.04.06"]

1. b3 e5 2. Bb2 Nc6 3. e3 d5 4. Bb5 Bd6 5. f4 Qh4+ 6. g3 Qe7 7. Nf3 Bg4 8. O-O
f6 9. c4 a6 10. cxd5 axb5 11. dxc6 e4 12. Qc2 Bxf3 13. Nc3 bxc6 14. Nxb5 c5 15.
Nd4 Bg4 16. Nc6 Qe6 17. Nd4 Qd5 18. Nb5 Be2 19. Nc3 Qd3 20. Qxd3 Bxd3 21. Rfc1
Ne7 22. Nd1 Nd5 23. Nf2 Nb4 24. a3 Nc2 25. Rab1 Kd7 26. Nxd3 exd3 27. a4 c4 28.
bxc4 Rxa4 29. Kf2 Rxc4 30. Bc3 Ra8 31. g4 Ba3 32. Rg1 Bc5 33. Kf3 Nxe3 34. dxe3
Rxc3 35. Rg2 Re8 36. Re1 Rc2 37. Rd1 Rxe3# 0-1

[Event "198th YMCA Spring A"]
[Site "Warsaw"]
[Date "2018.06.21"]
[Round "12"]
[White "Kaminski, Jan"]
[Black "Choroszej, Aleksander"]
[Result "1-0"]
[WhiteElo "1934"]
[BlackElo "1993"]
[PlyCount "81"]
[EventDate "2018.06.07"]
[EventType "tourn"]
[EventRounds "1"]
[EventCountry "POL"]
[SourceDate "2018.04.06"]

1. e4 g6 2. d4 Bg7 3. Nc3 d6 4. Be3 a6 5. Qd2 b5 6. O-O-O c6 7. Kb1 Qc7 8. Bd3
Bb7 9. h4 h5 10. Nh3 Nd7 11. Ng5 c5 12. dxc5 Nxc5 13. Be2 Nf6 14. f3 b4 15. Nd5
Bxd5 16. exd5 Rb8 17. Bd4 O-O 18. Bc4 Nce4 19. Nxe4 Nxe4 20. fxe4 Qxc4 21. Bxg7
Kxg7 22. g4 Rh8 23. Qf4 Rbc8 24. Rd2 hxg4 25. Qxg4 Rh5 26. b3 Qc3 27. Rf2 Rch8
28. Rhf1 f6 29. Qd7 Kf8 30. Qe6 Rg8 31. Rxf6+ exf6 32. Rxf6+ Qxf6 33. Qxf6+ Ke8
34. Qe6+ Kf8 35. Qxd6+ Kg7 36. Qxb4 Re8 37. d6 Kf7 38. Qb7+ Ke6 39. Qg7 Rxh4
40. Qxg6+ Kd7 41. Qf7+ 1-0

[Event "198th YMCA Spring A"]
[Site "Warsaw"]
[Date "2018.06.21"]
[Round "12"]
[White "Liberadzki, Slawomir"]
[Black "Borowy, Cezary"]
[Result "1-0"]
[WhiteElo "1991"]
[BlackElo "2013"]
[PlyCount "93"]
[EventDate "2018.06.07"]
[EventType "tourn"]
[EventRounds "1"]
[EventCountry "POL"]
[SourceDate "2018.04.06"]

1. e4 e6 2. d4 d5 3. e5 c5 4. c3 Nc6 5. Nf3 Nh6 6. Bd3 f6 7. exf6 Qxf6 8. Bg5
Qf7 9. O-O Nf5 10. Re1 cxd4 11. Bxf5 Qxf5 12. cxd4 Bd6 13. Nc3 O-O 14. Bh4 Bd7
15. Bg3 Bxg3 16. hxg3 Rf6 17. Nb5 Raf8 18. Nd6 Qh5 19. Nxb7 g5 20. Ne5 Qxd1 21.
Raxd1 Nxe5 22. Rxe5 Rxf2 23. Rxg5+ Kh8 24. Nc5 Bc8 25. Nd3 Rc2 26. Rc1 Rxc1+
27. Nxc1 Ba6 28. Nb3 Bc4 29. Nc5 Rf1+ 30. Kh2 Bxa2 31. Nxe6 h6 32. Rg6 Rb1 33.
Rxh6+ Kg8 34. Rf6 a5 35. g4 Rxb2 36. g5 Bb1 37. g6 Bxg6 38. Rxg6+ Kf7 39. Nf4
Rd2 40. Rg5 Rxd4 41. Nxd5 a4 42. Ne3 Rd3 43. Ng4 Rd4 44. Kh3 Rd1 45. Ra5 Ra1
46. Ne5+ Ke6 47. Nc4 1-0

[Event "198th YMCA Spring A"]
[Site "Warsaw"]
[Date "2018.06.22"]
[Round "12"]
[White "Moskwinski, Marek"]
[Black "Delega, Tomasz"]
[Result "0-1"]
[WhiteElo "1855"]
[BlackElo "1982"]
[PlyCount "96"]
[EventDate "2018.06.07"]
[EventType "tourn"]
[EventRounds "1"]
[EventCountry "POL"]
[SourceDate "2018.04.06"]

1. e4 Nf6 2. e5 Nd5 3. d4 d6 4. Nf3 Bg4 5. Be2 Nc6 6. O-O e6 7. c4 Nb6 8. exd6
cxd6 9. d5 exd5 10. cxd5 Bxf3 11. Bxf3 Ne5 12. Bf4 Nxf3+ 13. Qxf3 Be7 14. Nc3
O-O 15. Qg3 Bh4 16. Qd3 Bf6 17. Rac1 Rc8 18. Rfd1 Re8 19. b3 Be5 20. Bxe5 Rxe5
21. f4 Re7 22. Ne4 Rxc1 23. Rxc1 h6 24. g3 Qd7 25. Nf2 Qe8 26. Rc2 Re3 27. Qd4
Re1+ 28. Kg2 Qb5 29. Rd2 Qf1+ 30. Kf3 Qg1 31. h3 Rf1 32. Re2 Qh1+ 33. Kg4 Qxd5
34. Qxd5 Nxd5 35. Ne4 Rd1 36. Rd2 Rxd2 37. Nxd2 Kf8 38. Nc4 Ke7 39. Na5 Nb4 40.
a3 Nc2 41. Nxb7 Nxa3 42. Kf5 Kd7 43. Ke4 Kc7 44. Na5 Kb6 45. b4 Nc2 46. Nc4+
Kc6 47. Na5+ Kc7 48. b5 Na3 0-1